<?xml version="1.0" encoding="UTF-8"?><marc:collection xmlns:marc="http://www.loc.gov/MARC21/slim">
  <marc:record>
    <marc:leader>05205nas a2200853 c 4500</marc:leader>
    <marc:controlfield tag="001">010054103</marc:controlfield>
    <marc:controlfield tag="003">DE-101</marc:controlfield>
    <marc:controlfield tag="005">20250311212243.0</marc:controlfield>
    <marc:controlfield tag="007">tu</marc:controlfield>
    <marc:controlfield tag="008">991118d19681979gw z||p|  ||| 0||||1ger c</marc:controlfield>
    <marc:datafield tag="015" ind1=" " ind2=" ">
      <marc:subfield code="a">79,A42,0801</marc:subfield>
      <marc:subfield code="2">dnb</marc:subfield>
    </marc:datafield>
    <marc:datafield tag="016" ind1="7" ind2=" ">
      <marc:subfield code="2">DE-600</marc:subfield>
      <marc:subfield code="a">3611-0</marc:subfield>
    </marc:datafield>
    <marc:datafield tag="016" ind1="7" ind2=" ">
      <marc:subfield code="2">DE-101</marc:subfield>
      <marc:subfield code="a">010054103</marc:subfield>
    </marc:datafield>
    <marc:datafield tag="022" ind1=" " ind2=" ">
      <marc:subfield code="a">0040-1447</marc:subfield>
    </marc:datafield>
    <marc:datafield tag="022" ind1=" " ind2=" ">
      <marc:subfield code="a">0040-1447</marc:subfield>
      <marc:subfield code="2">6</marc:subfield>
    </marc:datafield>
    <marc:datafield tag="030" ind1=" " ind2=" ">
      <marc:subfield code="a">TMATB</marc:subfield>
    </marc:datafield>
    <marc:datafield tag="035" ind1=" " ind2=" ">
      <marc:subfield code="a">(DE-599)ZDB3611-0</marc:subfield>
    </marc:datafield>
    <marc:datafield tag="035" ind1=" " ind2=" ">
      <marc:subfield code="a">(OCoLC)263589454</marc:subfield>
    </marc:datafield>
    <marc:datafield tag="040" ind1=" " ind2=" ">
      <marc:subfield code="a">9001</marc:subfield>
      <marc:subfield code="b">ger</marc:subfield>
      <marc:subfield code="c">DE-101</marc:subfield>
      <marc:subfield code="d">9999</marc:subfield>
    </marc:datafield>
    <marc:datafield tag="041" ind1=" " ind2=" ">
      <marc:subfield code="a">ger</marc:subfield>
    </marc:datafield>
    <marc:datafield tag="042" ind1=" " ind2=" ">
      <marc:subfield code="a">zdb</marc:subfield>
    </marc:datafield>
    <marc:datafield tag="044" ind1=" " ind2=" ">
      <marc:subfield code="c">XA-DE</marc:subfield>
    </marc:datafield>
    <marc:datafield tag="082" ind1="7" ind2="4">
      <marc:subfield code="a">004</marc:subfield>
      <marc:subfield code="a">600</marc:subfield>
      <marc:subfield code="a">620</marc:subfield>
      <marc:subfield code="a">640</marc:subfield>
      <marc:subfield code="a">660</marc:subfield>
      <marc:subfield code="a">670</marc:subfield>
      <marc:subfield code="a">690</marc:subfield>
      <marc:subfield code="a">720</marc:subfield>
      <marc:subfield code="a">760</marc:subfield>
      <marc:subfield code="a">770</marc:subfield>
      <marc:subfield code="q">DE-101</marc:subfield>
      <marc:subfield code="2">22sdnb</marc:subfield>
    </marc:datafield>
    <marc:datafield tag="083" ind1="7" ind2=" ">
      <marc:subfield code="a">050</marc:subfield>
      <marc:subfield code="a">620</marc:subfield>
      <marc:subfield code="a">360</marc:subfield>
      <marc:subfield code="q">DE-600</marc:subfield>
      <marc:subfield code="2">22sdnb</marc:subfield>
    </marc:datafield>
    <marc:datafield tag="084" ind1=" " ind2=" ">
      <marc:subfield code="a">ZG 1100</marc:subfield>
      <marc:subfield code="2">rvk</marc:subfield>
    </marc:datafield>
    <marc:datafield tag="090" ind1=" " ind2=" ">
      <marc:subfield code="n">fz</marc:subfield>
    </marc:datafield>
    <marc:datafield tag="110" ind1="2" ind2=" ">
      <marc:subfield code="0">(DE-588)2003680-2</marc:subfield>
      <marc:subfield code="0">https://d-nb.info/gnd/2003680-2</marc:subfield>
      <marc:subfield code="0">(DE-101)004642171</marc:subfield>
      <marc:subfield code="a">Allgemeine Elektricitäts-Gesellschaft, AEG-Telefunken</marc:subfield>
      <marc:subfield code="e">Verfasser</marc:subfield>
      <marc:subfield code="4">aut</marc:subfield>
      <marc:subfield code="2">gnd</marc:subfield>
    </marc:datafield>
    <marc:datafield tag="210" ind1="0" ind2="0">
      <marc:subfield code="a">Techn. Mitt. AEG Telefunken</marc:subfield>
    </marc:datafield>
    <marc:datafield tag="210" ind1="0" ind2="0">
      <marc:subfield code="a">Tech. Mitt. AEG-Telefunken</marc:subfield>
    </marc:datafield>
    <marc:datafield tag="210" ind1="0" ind2="0">
      <marc:subfield code="a">Tech Mitt AEG Telefunken</marc:subfield>
    </marc:datafield>
    <marc:datafield tag="222" ind1=" " ind2="0">
      <marc:subfield code="a">Technische Mitteilungen AEG-Telefunken</marc:subfield>
    </marc:datafield>
    <marc:datafield tag="245" ind1="1" ind2="0">
      <marc:subfield code="a">Technische Mitteilungen AEG-Telefunken</marc:subfield>
    </marc:datafield>
    <marc:datafield tag="246" ind1="3" ind2=" ">
      <marc:subfield code="a">Technische Mitteilungen</marc:subfield>
    </marc:datafield>
    <marc:datafield tag="264" ind1="3" ind2="1">
      <marc:subfield code="a">Berlin</marc:subfield>
      <marc:subfield code="b">AEG-Telefunken, Zentralabteilung Firmenverl.</marc:subfield>
      <marc:subfield code="c">1968-1979</marc:subfield>
    </marc:datafield>
    <marc:datafield tag="264" ind1="3" ind2="1">
      <marc:subfield code="a">Berlin-Grunewald</marc:subfield>
      <marc:subfield code="b">AEG-Telefunken</marc:subfield>
      <marc:subfield code="c">1968-1979</marc:subfield>
    </marc:datafield>
    <marc:datafield tag="264" ind1="2" ind2="1">
      <marc:subfield code="3">anfangs</marc:subfield>
      <marc:subfield code="a">Berlin</marc:subfield>
      <marc:subfield code="b">Allgemeinen Elektricitäts-Ges., AEG-Telefunken</marc:subfield>
    </marc:datafield>
    <marc:datafield tag="264" ind1="2" ind2="1">
      <marc:subfield code="3">früher</marc:subfield>
      <marc:subfield code="a">Berlin</marc:subfield>
      <marc:subfield code="b">Elitera-Verl.</marc:subfield>
    </marc:datafield>
    <marc:datafield tag="336" ind1=" " ind2=" ">
      <marc:subfield code="a">Text</marc:subfield>
      <marc:subfield code="b">txt</marc:subfield>
      <marc:subfield code="2">rdacontent</marc:subfield>
    </marc:datafield>
    <marc:datafield tag="337" ind1=" " ind2=" ">
      <marc:subfield code="a">ohne Hilfsmittel zu benutzen</marc:subfield>
      <marc:subfield code="b">n</marc:subfield>
      <marc:subfield code="2">rdamedia</marc:subfield>
    </marc:datafield>
    <marc:datafield tag="338" ind1=" " ind2=" ">
      <marc:subfield code="a">Band</marc:subfield>
      <marc:subfield code="b">nc</marc:subfield>
      <marc:subfield code="2">rdacarrier</marc:subfield>
    </marc:datafield>
    <marc:datafield tag="362" ind1="0" ind2=" ">
      <marc:subfield code="a">58.1968 - 69.1979,1/2</marc:subfield>
    </marc:datafield>
    <marc:datafield tag="363" ind1="0" ind2="0">
      <marc:subfield code="8">1.1\x</marc:subfield>
      <marc:subfield code="a">58</marc:subfield>
      <marc:subfield code="i">1969</marc:subfield>
    </marc:datafield>
    <marc:datafield tag="363" ind1="1" ind2="0">
      <marc:subfield code="8">1.2\x</marc:subfield>
      <marc:subfield code="a">69</marc:subfield>
      <marc:subfield code="b">1/2</marc:subfield>
      <marc:subfield code="i">1979</marc:subfield>
    </marc:datafield>
    <marc:datafield tag="515" ind1=" " ind2=" ">
      <marc:subfield code="a">Ersch. mindestens 7x jährl.</marc:subfield>
    </marc:datafield>
    <marc:datafield tag="591" ind1=" " ind2=" ">
      <marc:subfield code="a">466!101b!(02-03-11)</marc:subfield>
    </marc:datafield>
    <marc:datafield tag="610" ind1="2" ind2="7">
      <marc:subfield code="0">(DE-588)5027752-2</marc:subfield>
      <marc:subfield code="0">https://d-nb.info/gnd/5027752-2</marc:subfield>
      <marc:subfield code="0">(DE-101)050277529</marc:subfield>
      <marc:subfield code="a">AEG-Aktiengesellschaft</marc:subfield>
      <marc:subfield code="9">rswk-swf</marc:subfield>
      <marc:subfield code="2">gnd</marc:subfield>
    </marc:datafield>
    <marc:datafield tag="650" ind1=" " ind2="7">
      <marc:subfield code="0">(DE-588)4014390-9</marc:subfield>
      <marc:subfield code="0">https://d-nb.info/gnd/4014390-9</marc:subfield>
      <marc:subfield code="0">(DE-101)040143902</marc:subfield>
      <marc:subfield code="a">Elektrotechnik</marc:subfield>
      <marc:subfield code="9">rswk-swf</marc:subfield>
      <marc:subfield code="2">gnd</marc:subfield>
    </marc:datafield>
    <marc:datafield tag="650" ind1=" " ind2="7">
      <marc:subfield code="0">(DE-588)4067488-5</marc:subfield>
      <marc:subfield code="0">https://d-nb.info/gnd/4067488-5</marc:subfield>
      <marc:subfield code="0">(DE-101)040674886</marc:subfield>
      <marc:subfield code="a">Zeitschrift</marc:subfield>
      <marc:subfield code="9">rswk-swf</marc:subfield>
      <marc:subfield code="2">gnd</marc:subfield>
    </marc:datafield>
    <marc:datafield tag="650" ind1=" " ind2="7">
      <marc:subfield code="a">Elektrotechnik</marc:subfield>
      <marc:subfield code="2">local</marc:subfield>
    </marc:datafield>
    <marc:datafield tag="650" ind1=" " ind2="7">
      <marc:subfield code="8">2\p</marc:subfield>
      <marc:subfield code="0">(DE-588)4014390-9</marc:subfield>
      <marc:subfield code="0">https://d-nb.info/gnd/4014390-9</marc:subfield>
      <marc:subfield code="0">(DE-101)040143902</marc:subfield>
      <marc:subfield code="a">Elektrotechnik</marc:subfield>
      <marc:subfield code="2">gnd</marc:subfield>
    </marc:datafield>
    <marc:datafield tag="655" ind1=" " ind2="7">
      <marc:subfield code="0">(DE-588)4067488-5</marc:subfield>
      <marc:subfield code="0">https://d-nb.info/gnd/4067488-5</marc:subfield>
      <marc:subfield code="0">(DE-101)040674886</marc:subfield>
      <marc:subfield code="a">Zeitschrift</marc:subfield>
      <marc:subfield code="2">gnd-content</marc:subfield>
    </marc:datafield>
    <marc:datafield tag="655" ind1=" " ind2="7">
      <marc:subfield code="0">(DE-588)4189682-8</marc:subfield>
      <marc:subfield code="0">https://d-nb.info/gnd/4189682-8</marc:subfield>
      <marc:subfield code="0">(DE-101)041896823</marc:subfield>
      <marc:subfield code="a">Werkzeitschrift</marc:subfield>
      <marc:subfield code="2">gnd-content</marc:subfield>
    </marc:datafield>
    <marc:datafield tag="655" ind1=" " ind2="7">
      <marc:subfield code="a">Zeitschrift</marc:subfield>
      <marc:subfield code="9">rswk-swf</marc:subfield>
      <marc:subfield code="2">gnd</marc:subfield>
    </marc:datafield>
    <marc:datafield tag="689" ind1="0" ind2="0">
      <marc:subfield code="0">(DE-588)4014390-9</marc:subfield>
      <marc:subfield code="0">https://d-nb.info/gnd/4014390-9</marc:subfield>
      <marc:subfield code="0">(DE-101)040143902</marc:subfield>
      <marc:subfield code="D">s</marc:subfield>
      <marc:subfield code="a">Elektrotechnik</marc:subfield>
    </marc:datafield>
    <marc:datafield tag="689" ind1="0" ind2="1">
      <marc:subfield code="0">(DE-588)4067488-5</marc:subfield>
      <marc:subfield code="0">https://d-nb.info/gnd/4067488-5</marc:subfield>
      <marc:subfield code="0">(DE-101)040674886</marc:subfield>
      <marc:subfield code="D">s</marc:subfield>
      <marc:subfield code="a">Zeitschrift</marc:subfield>
    </marc:datafield>
    <marc:datafield tag="689" ind1="0" ind2=" ">
      <marc:subfield code="5">DE-600</marc:subfield>
      <marc:subfield code="5">DE-600</marc:subfield>
    </marc:datafield>
    <marc:datafield tag="689" ind1="1" ind2="0">
      <marc:subfield code="0">(DE-588)5027752-2</marc:subfield>
      <marc:subfield code="0">https://d-nb.info/gnd/5027752-2</marc:subfield>
      <marc:subfield code="0">(DE-101)050277529</marc:subfield>
      <marc:subfield code="D">b</marc:subfield>
      <marc:subfield code="a">AEG-Aktiengesellschaft</marc:subfield>
    </marc:datafield>
    <marc:datafield tag="689" ind1="1" ind2="1">
      <marc:subfield code="A">f</marc:subfield>
      <marc:subfield code="a">Zeitschrift</marc:subfield>
    </marc:datafield>
    <marc:datafield tag="689" ind1="1" ind2=" ">
      <marc:subfield code="5">DE-600</marc:subfield>
      <marc:subfield code="5">DE-600</marc:subfield>
    </marc:datafield>
    <marc:datafield tag="770" ind1="0" ind2="8">
      <marc:subfield code="i">Supplement</marc:subfield>
      <marc:subfield code="t">Datenverarbeitung</marc:subfield>
      <marc:subfield code="d">Berlin : AEG, 1968-1970</marc:subfield>
      <marc:subfield code="x">0340-1553</marc:subfield>
      <marc:subfield code="w">(DE-600)212412-9</marc:subfield>
      <marc:subfield code="w">(DE-101)011235624</marc:subfield>
    </marc:datafield>
    <marc:datafield tag="770" ind1="0" ind2="8">
      <marc:subfield code="i">Supplement</marc:subfield>
      <marc:subfield code="n">1977</marc:subfield>
      <marc:subfield code="t">Digitale Übertragungseinrichtungen ...</marc:subfield>
      <marc:subfield code="d">Berlin : Elitera-Verlag, 1977-</marc:subfield>
      <marc:subfield code="w">(DE-600)2862398-8</marc:subfield>
      <marc:subfield code="w">(DE-101)1107029104</marc:subfield>
    </marc:datafield>
    <marc:datafield tag="775" ind1="0" ind2="8">
      <marc:subfield code="i">Parallele Sprachausgabe</marc:subfield>
      <marc:subfield code="n">italienisch bis 8.1978,1</marc:subfield>
      <marc:subfield code="a">Allgemeine Elektricitäts-Gesellschaft, AEG-Telefunken</marc:subfield>
      <marc:subfield code="t">Rassegna tecnica / Allgemeine Elektrizitätsgesellschaft, AEG-Telefunken</marc:subfield>
      <marc:subfield code="d">Berlin : AEG-Telefunken, Zentralabt. Firmenverl., 1971-1978</marc:subfield>
      <marc:subfield code="x">0340-1502</marc:subfield>
      <marc:subfield code="w">(DE-600)253517-8</marc:subfield>
      <marc:subfield code="w">(DE-101)011526793</marc:subfield>
    </marc:datafield>
    <marc:datafield tag="775" ind1="0" ind2="8">
      <marc:subfield code="i">Parallele Sprachausgabe</marc:subfield>
      <marc:subfield code="n">italienisch, 8.1978,2/3 - 9.1979,2</marc:subfield>
      <marc:subfield code="a">AEG-Telefunken-Aktiengesellschaft</marc:subfield>
      <marc:subfield code="t">Rassegna tecnica AEG-Telefunken</marc:subfield>
      <marc:subfield code="d">Berlin : AEG-Telefunken, Zentralabt. Firmenverl., 1978-1979</marc:subfield>
      <marc:subfield code="x">0340-1502</marc:subfield>
      <marc:subfield code="w">(DE-600)2368386-7</marc:subfield>
      <marc:subfield code="w">(DE-101)551401842</marc:subfield>
    </marc:datafield>
    <marc:datafield tag="775" ind1="0" ind2="8">
      <marc:subfield code="i">Parallele Sprachausgabe</marc:subfield>
      <marc:subfield code="n">spanisch bis 68.1989</marc:subfield>
      <marc:subfield code="a">Allgemeine Elektricitäts-Gesellschaft, AEG-Telefunken</marc:subfield>
      <marc:subfield code="t">AEG Telefunken al día</marc:subfield>
      <marc:subfield code="d">Berlin : [Verlag nicht ermittelbar], 1967-1978</marc:subfield>
      <marc:subfield code="x">0001-1061</marc:subfield>
      <marc:subfield code="w">(DE-600)594338-3</marc:subfield>
      <marc:subfield code="w">(DE-101)013393774</marc:subfield>
    </marc:datafield>
    <marc:datafield tag="775" ind1="0" ind2="8">
      <marc:subfield code="i">Parallele Sprachausgabe</marc:subfield>
      <marc:subfield code="n">spanisch, 69.1979</marc:subfield>
      <marc:subfield code="a">AEG-Telefunken-Aktiengesellschaft</marc:subfield>
      <marc:subfield code="t">AEG-Telefunken al día</marc:subfield>
      <marc:subfield code="d">Frankfurt, [M.] : AEG-Telefunken-Firmenverl., Techn. Publikationen, 1979-1982</marc:subfield>
      <marc:subfield code="x">0001-1061</marc:subfield>
      <marc:subfield code="w">(DE-600)2367706-5</marc:subfield>
      <marc:subfield code="w">(DE-101)550855645</marc:subfield>
    </marc:datafield>
    <marc:datafield tag="780" ind1="0" ind2="0">
      <marc:subfield code="i">Vorg.:</marc:subfield>
      <marc:subfield code="a">Allgemeine Elektricitäts-Gesellschaft</marc:subfield>
      <marc:subfield code="t">AEG-Mitteilungen</marc:subfield>
      <marc:subfield code="d">Berlin : Allgem. Elektricitäts-Ges., 1917-1967</marc:subfield>
      <marc:subfield code="x">0374-2423</marc:subfield>
      <marc:subfield code="w">(DE-600)197-1</marc:subfield>
      <marc:subfield code="w">(DE-101)010001654</marc:subfield>
    </marc:datafield>
    <marc:datafield tag="785" ind1="0" ind2="0">
      <marc:subfield code="i">Forts.:</marc:subfield>
      <marc:subfield code="a">AEG-Telefunken-Aktiengesellschaft</marc:subfield>
      <marc:subfield code="t">Technische Mitteilungen AEG-Telefunken</marc:subfield>
      <marc:subfield code="d">Frankfurt, [M.] : AEG-Telefunken, 1979-1982</marc:subfield>
      <marc:subfield code="x">0040-1447</marc:subfield>
      <marc:subfield code="w">(DE-600)2367615-2</marc:subfield>
      <marc:subfield code="w">(DE-101)550733647</marc:subfield>
    </marc:datafield>
    <marc:datafield tag="787" ind1="0" ind2="8">
      <marc:subfield code="i">Index 51/60=Index 31/43 von</marc:subfield>
      <marc:subfield code="a">Allgemeine Elektricitäts-Gesellschaft, AEG-Telefunken</marc:subfield>
      <marc:subfield code="t">Wissenschaftliche Berichte AEG-Telefunken</marc:subfield>
      <marc:subfield code="d">Berlin : AEG-Telefunken, 1968-1979</marc:subfield>
      <marc:subfield code="x">0043-6801</marc:subfield>
      <marc:subfield code="w">(DE-600)6563-8</marc:subfield>
      <marc:subfield code="w">(DE-101)010088679</marc:subfield>
    </marc:datafield>
    <marc:datafield tag="787" ind1="0" ind2="8">
      <marc:subfield code="i">Index 51/60=Index 31/43 von</marc:subfield>
      <marc:subfield code="a">Telefunken Aktiengesellschaft</marc:subfield>
      <marc:subfield code="t">Telefunken-Zeitung</marc:subfield>
      <marc:subfield code="d">Berlin : [Verlag nicht ermittelbar], 1963-1967</marc:subfield>
      <marc:subfield code="x">0340-3025</marc:subfield>
      <marc:subfield code="w">(DE-600)961326-2</marc:subfield>
      <marc:subfield code="w">(DE-101)01011064X</marc:subfield>
    </marc:datafield>
    <marc:datafield tag="850" ind1=" " ind2=" ">
      <marc:subfield code="a">DE-101a</marc:subfield>
      <marc:subfield code="a">DE-101b</marc:subfield>
    </marc:datafield>
    <marc:datafield tag="883" ind1="1" ind2=" ">
      <marc:subfield code="8">2\p</marc:subfield>
      <marc:subfield code="a">kasw</marc:subfield>
      <marc:subfield code="c">1,000</marc:subfield>
      <marc:subfield code="d">20230807</marc:subfield>
      <marc:subfield code="q">DE-101</marc:subfield>
      <marc:subfield code="u">https://d-nb.info/provenance/plan#kasw</marc:subfield>
    </marc:datafield>
    <marc:datafield tag="889" ind1=" " ind2=" ">
      <marc:subfield code="w">(DE-101)550390464</marc:subfield>
    </marc:datafield>
    <marc:datafield tag="889" ind1=" " ind2=" ">
      <marc:subfield code="w">(DE-600)1486880-5</marc:subfield>
    </marc:datafield>
    <marc:datafield tag="925" ind1="r" ind2=" ">
      <marc:subfield code="a">rb</marc:subfield>
    </marc:datafield>
  </marc:record>
</marc:collection>
